The Quest of the Overself / (Record no. 193811)

000 -LEADER
fixed length control field 00443 a2200169 4500
003 - CONTROL NUMBER IDENTIFIER
control field NUST
005 - DATE AND TIME OF LATEST TRANSACTION
control field 20221206140251.0
040 ## - CATALOGING SOURCE
Transcribing agency Nust
082 ## - DEWEY DECIMAL CLASSIFICATION NUMBER
Classification number 158,BRU
100 ## - MAIN ENTRY--PERSONAL NAME
Personal name Brunton, Paul
9 (RLIN) 104274
245 ## - TITLE STATEMENT
Title The Quest of the Overself /
Statement of responsibility, etc. Paul Brunton
260 ## - PUBLICATION, DISTRIBUTION, ETC.
Place of publication, distribution, etc. london
Name of publisher, distributor, etc. Rider
300 ## - PHYSICAL DESCRIPTION
Extent 304 p.:
505 ## - FORMATTED CONTENTS NOTE
Formatted contents note Part-1: The Analysis (Page-11), Part -II: The Practices (Page-153).
650 ## - SUBJECT ADDED ENTRY--TOPICAL TERM
Topical term or geographic name entry element psychology
942 ## - ADDED ENTRY ELEMENTS (KOHA)
Source of classification or shelving scheme
Koha item type Book
Call number prefix 158,BRU
Holdings
Withdrawn status Lost status Source of classification or shelving scheme Damaged status Not for loan Permanent Location Current Location Shelving location Date acquired Full call number Barcode Date last seen Price effective from Koha item type Public note
          Military College of Signals (MCS) Military College of Signals (MCS) General Stacks 12/12/2016 158,BRU MCS29582 12/08/2016 12/12/2016 Book Almirah No.46, Shelf No.4
© 2023 Central Library, National University of Sciences and Technology. All Rights Reserved.